[Event "AUTO-INT-3922"]
[Site "http://www.queenalice.com/game.php?id=1853665"]
[Date "2025.3.10"]
[Round "1"]
[White "StarWarsJedi"]
[Black "game"]
[Result "1-0"]
[WhiteElo "1295"]
[BlackElo "1468"]

1. e4 e5 2. Nf3 d6 3. d4 Nc6 4. d5 Nb4 5. Be3 Nf6 6. h3 c6 7. c3 Na6 8. Bxa6
bxa6 9. dxc6 Qa5 10. Qd3 Qc7 11. c4 Qxc6 12. Nc3 Qb7 13. O-O h5 14. Rad1 Qxb2
15. Nxe5 dxe5 16. Qd8# 1-0

[Event "AUTO-INT-3922"]
[Site "http://www.queenalice.com/game.php?id=1853666"]
[Date "2025.3.10"]
[Round "1"]
[White "game"]
[Black "StarWarsJedi"]
[Result "0-1"]
[WhiteElo "1441"]
[BlackElo "1343"]

1. e4 c5 2. Bc4 e6 3. Nf3 Nc6 4. d4 d5 5. Ng5 dxc4 6. Qf3 Nh6 7. h4 cxd4 8. O-O
f6 9. Nh3 Nf7 10. Re1 e5 11. Rd1 Qd7 12. c3 Qg4 13. Qxg4 Bxg4 14. Nd2 Bxd1 15.
cxd4 Nxd4 16. Nxc4 Nc2 17. Rb1 Be2 18. Ne3 Bd3 19. Nd5 Rc8 20. f4 Bxe4 21. Nc3
Bc5+ 22. Kh2 Bf5 23. fxe5 Nxe5 24. Nf4 Ng4+ 25. Kg3 h5 26. Nxh5 Bf2+ 27. Kf4
Rc4+ 28. Kxf5 Nge3+ 29. Kg6 Rg4# 0-1